[Event "FRA-chT Top 16 GpB"]
[Site "Chartres"]
[Date "2023.06.02"]
[Round "2.1"]
[White "Micottis, Dorian"]
[Black "Delorme, Axel"]
[Result "0-1"]
[WhiteElo "2269"]
[BlackElo "2483"]
[PlyCount "64"]
[EventDate "2023.06.01"]
[EventType "team-tourn"]
[EventRounds "7"]
[EventCountry "FRA"]
[SourceTitle "CBM 214 Extra"]
[Source "ChessBase"]
[SourceDate "2023.07.31"]
[SourceVersion "1"]
[SourceVersionDate "2023.07.31"]
[SourceQuality "1"]
[WhiteTeam "Metz Fischer"]
[BlackTeam "Clichy Echecs 92"]
[WhiteTeamCountry "FRA"]
[BlackTeamCountry "FRA"]

1. e4 c5 2. Nf3 e6 3. d4 cxd4 4. Nxd4 Nf6 5. Nc3 d6 6. g4 h6 7. Bg2 Nc6 8. h3 Bd7 9. Nde2 g5 10. b3 Ne5 11. a4 Ng6 12. 0-0 Nh4 13. Qd4 Bc6 14. f3 Be7 15. Ba3 0-0 16. Rad1 d5 17. Bxe7 Qxe7 18. exd5 Nxd5 19. Nxd5 Bxd5 20. Qe3 Rfd8 21. c4 Bc6 22. Bh1 Rxd1 23. Rxd1 Rd8 24. Rxd8+ Qxd8 25. Nd4 Qd6 26. Bg2 a5 27. Ne2 Qd1+ 28. Kf2 Ng6 29. f4 gxf4 30. Nxf4 Nxf4 31. Bxc6 Nd3+ 32. Kg2 bxc6 0-1

[Event "Lignano Bella Italia op 1st"]
[Site "Lignano Sabbiadoro"]
[Date "2022.08.20"]
[Round "5"]
[White "Zeller, Frank"]
[Black "Micottis, Dorian"]
[Result "1-0"]
[WhiteElo "2356"]
[BlackElo "2263"]
[PlyCount "129"]
[EventDate "2022.08.18"]
[EventType "swiss"]
[EventRounds "9"]
[EventCountry "ITA"]
[SourceTitle "CBM 210 Extra"]
[Source "ChessBase"]
[SourceDate "2022.11.30"]
[SourceVersion "1"]
[SourceVersionDate "2022.11.30"]
[SourceQuality "1"]

1. Nf3 Nf6 2. c4 g6 3. Nc3 Bg7 4. e4 e5 5. g3 0-0 6. Bg2 d6 7. h3 c6 8. 0-0 Nbd7 9. d4 exd4 10. Nxd4 Nc5 11. Re1 a5 12. Bf4 Nh5 13. Be3 Re8 14. Qc2 Nf6 15. Rad1 Qe7 16. Bg5 Qc7 17. Ndb5 cxb5 18. Nxb5 Qe7 19. Nxd6 Ne6 20. Nxe8 Qxe8 21. Be3 Nd7 22. f4 b6 23. e5 Rb8 24. Bd5 Bb7 25. a3 Ndc5 26. b4 axb4 27. axb4 Qa4 28. Qxa4 Nxa4 29. Ra1 b5 30. Ba7 Bxd5 31. cxd5 Rb7 32. Bf2 Nc7 33. d6 Ne6 34. Rac1 Bf8 35. Rc8 Kg7 36. Rd1 Nb6 37. Re8 Nd7 38. Rc1 f6 39. Rxe6 Kf7 40. Rc7 Kxe6 41. Rxb7 fxe5 42. Rxd7 Kxd7 43. fxe5 Ke6 44. Bd4 Bh6 45. Bc3 Be3+ 46. Kg2 h5 47. Kf3 Bb6 48. Ke4 Bf2 49. g4 hxg4 50. hxg4 Bg3 51. Bd4 Be1 52. Bc5 Bh4 53. Bb6 Be1 54. Ba5 Bc3 55. d7 Kxd7 56. Kd5 Be1 57. Kc5 Bc3 58. Kxb5 Bxe5 59. Kc5 Ke6 60. b5 Bf4 61. Kc6 Be3 62. b6 Ke5 63. b7 Ba7 64. Bb6 Bb8 65. Bc7+ 1-0

[Event "Paris-ch IdF"]
[Site "Paris"]
[Date "2022.07.15"]
[Round "5"]
[White "Micottis, Dorian"]
[Black "Bonte, Andrei Mihai"]
[Result "1-0"]
[WhiteElo "2263"]
[BlackElo "2329"]
[PlyCount "37"]
[EventDate "2022.07.12"]
[EventType "swiss"]
[EventRounds "9"]
[EventCountry "FRA"]
[SourceTitle "CBM 209 Extra"]
[Source "ChessBase"]
[SourceDate "2022.09.30"]
[SourceVersion "1"]
[SourceVersionDate "2022.09.30"]
[SourceQuality "1"]

1. e4 c6 2. d4 d5 3. e5 c5 4. dxc5 e6 5. a3 Bxc5 6. Qg4 Bf8 7. Nf3 Nd7 8. Bd3 Nc5 9. Be2 Ne7 10. 0-0 Nf5 11. b4 Ne4 12. Bd3 h5 13. Qf4 g6 14. Bxe4 Bh6 15. Ng5 dxe4 16. Nc3 Qd4 17. Bb2 Bg7 18. Na4 Bxe5 19. Qxe5 1-0

[Event "Paris-ch IdF"]
[Site "Paris"]
[Date "2022.07.14"]
[Round "4"]
[White "Szpar, Milosz"]
[Black "Micottis, Dorian"]
[Result "1-0"]
[WhiteElo "2431"]
[BlackElo "2263"]
[PlyCount "95"]
[EventDate "2022.07.12"]
[EventType "swiss"]
[EventRounds "9"]
[EventCountry "FRA"]
[SourceTitle "CBM 209 Extra"]
[Source "ChessBase"]
[SourceDate "2022.09.30"]
[SourceVersion "1"]
[SourceVersionDate "2022.09.30"]
[SourceQuality "1"]

1. e4 c6 2. Nf3 d5 3. d3 dxe4 4. dxe4 Qxd1+ 5. Kxd1 Nd7 6. Nbd2 e5 7. Ne1 Nc5 8. Nd3 f6 9. f3 Be6 10. Nxc5 Bxc5 11. Bc4 Kf7 12. Ke2 Ne7 13. a4 a5 14. Bxe6+ Kxe6 15. Rd1 Rhd8 16. Nb3 Bb6 17. Rd3 Rxd3 18. cxd3 Bd4 19. Be3 Bxe3 20. Kxe3 b6 21. d4 Rd8 22. Rc1 g5 23. dxe5 fxe5 24. Nd2 b5 25. Nb3 bxa4 26. Nc5+ Kf7 27. Nd3 Kf6 28. Rc5 Rb8 29. Rxa5 Rb5 30. Rxa4 Nc8 31. Kd2 h5 32. Ra8 Ne7 33. g3 Ng6 34. Rc8 Rb6 35. Kc3 h4 36. Nc5 Ke7 37. b4 hxg3 38. hxg3 Kf7 39. Rd8 Ne7 40. Kc4 Rb5 41. Rd6 Rb8 42. Nd3 Rb5 43. Kc3 Ke8 44. Re6 Kd7 45. Rxe5 Rxe5 46. Nxe5+ Ke6 47. Kd4 Kf6 48. f4 1-0

[Event "FRA-chT Top 16 La Bourdonnais"]
[Site "Playchess.com INT"]
[Date "2021.01.09"]
[Round "4"]
[White "Brunner, Nicolas"]
[Black "Micottis, Dorian"]
[Result "1/2-1/2"]
[WhiteElo "2418"]
[BlackElo "2223"]
[PlyCount "48"]
[EventDate "2021.01.09"]
[EventType "team-tourn (rapid)"]
[EventRounds "12"]
[EventCountry "FRA"]
[SourceTitle "CBM 200 Extra"]
[Source "ChessBase"]
[SourceDate "2021.03.31"]
[SourceVersion "1"]
[SourceVersionDate "2021.03.31"]
[SourceQuality "1"]
[WhiteTeam "Vandoeuvre"]
[BlackTeam "Metz Fischer"]
[WhiteTeamCountry "FRA"]
[BlackTeamCountry "FRA"]

1. d4 Nf6 2. c4 g6 3. Nc3 d5 4. Nf3 Bg7 5. cxd5 Nxd5 6. e4 Nxc3 7. bxc3 c5 8. Be3 Qa5 9. Qd2 0-0 10. Rc1 Bg4 11. d5 Na6 12. Be2 c4 13. Nd4 Bxe2 14. Qxe2 Nc5 15. Qxc4 Rac8 16. Nc6 bxc6 17. Qxc5 Qxc5 18. Bxc5 cxd5 19. Bxe7 Rfe8 20. Bb4 Rxe4+ 21. Kd1 d4 22. f3 Re3 23. cxd4 Rxc1+ 24. Kxc1 Bxd4 1/2-1/2

[Event "FRA-chT Top 16 La Bourdonnais"]
[Site "Playchess.com INT"]
[Date "2021.01.09"]
[Round "12"]
[White "Buscara, Sevan"]
[Black "Micottis, Dorian"]
[Result "1-0"]
[WhiteElo "2411"]
[BlackElo "2223"]
[PlyCount "125"]
[EventDate "2021.01.09"]
[EventType "team-tourn (rapid)"]
[EventRounds "12"]
[EventCountry "FRA"]
[SourceTitle "CBM 200 Extra"]
[Source "ChessBase"]
[SourceDate "2021.03.31"]
[SourceVersion "1"]
[SourceVersionDate "2021.03.31"]
[SourceQuality "1"]
[WhiteTeam "Lyon"]
[BlackTeam "Metz Fischer"]
[WhiteTeamCountry "FRA"]
[BlackTeamCountry "FRA"]

1. e4 c5 2. Nf3 d6 3. Bb5+ Bd7 4. Bxd7+ Qxd7 5. 0-0 Nc6 6. c3 Nf6 7. Re1 e6 8. d4 cxd4 9. cxd4 d5 10. e5 Ne4 11. a3 Be7 12. Nbd2 Nxd2 13. Bxd2 0-0 14. Rc1 Rac8 15. Rc3 Rc7 16. h4 Rfc8 17. Rd3 Bd8 18. Nh2 Ne7 19. Qh5 g6 20. Qd1 Nf5 21. h5 Rc4 22. Bc3 b5 23. Ng4 gxh5 24. Ne3 R4c6 25. Qxh5 Kh8 26. Ng4 Qe8 27. Rh3 Qg8 28. Nh6 Nxh6 29. Qxh6 Bg5 30. Qh5 Qg6 31. Qf3 Qf5 32. Qe2 Rg8 33. Rf3 Qg6 34. Rg3 Qf5 35. Qxb5 Rcc8 36. Qd3 Qxd3 37. Rxd3 Be7 38. Rh3 Rg4 39. Ree3 Rcg8 40. Reg3 Rxg3 41. Rxg3 Rxg3 42. fxg3 Kg7 43. Kf2 Kg6 44. Kf3 h5 45. g4 h4 46. Bd2 a6 47. b4 f6 48. Kf4 fxe5+ 49. Kxe5 Bg5 50. Bxg5 Kxg5 51. a4 Kxg4 52. b5 axb5 53. axb5 Kg3 54. b6 Kxg2 55. b7 h3 56. b8Q h2 57. Qg8+ Kf1 58. Qf7+ Kg1 59. Qg6+ Kh1 60. Kf4 e5+ 61. Kg3 e4 62. Qh5 Kg1 63. Qd1# 1-0

[Event "FRA-chT Top 16 La Bourdonnais"]
[Site "Playchess.com INT"]
[Date "2021.01.09"]
[Round "8"]
[White "Micottis, Dorian"]
[Black "Riff, Jean Noel"]
[Result "0-1"]
[WhiteElo "2223"]
[BlackElo "2499"]
[PlyCount "76"]
[EventDate "2021.01.09"]
[EventType "team-tourn (rapid)"]
[EventRounds "12"]
[EventCountry "FRA"]
[SourceTitle "CBM 200 Extra"]
[Source "ChessBase"]
[SourceDate "2021.03.31"]
[SourceVersion "1"]
[SourceVersionDate "2021.03.31"]
[SourceQuality "1"]
[WhiteTeam "Metz Fischer"]
[BlackTeam "Mulhouse"]
[WhiteTeamCountry "FRA"]
[BlackTeamCountry "FRA"]

1. e4 e5 2. Nf3 Nc6 3. Nc3 Nf6 4. Be2 Bd6 5. 0-0 0-0 6. d4 exd4 7. Nxd4 Re8 8. Nxc6 bxc6 9. Bd3 Bc5 10. h3 d6 11. Bg5 h6 12. Bh4 Rb8 13. Rb1 Bd4 14. Qf3 Qe7 15. Rfe1 Qe5 16. Nd1 Qh5 17. Qxh5 Nxh5 18. c3 Bc5 19. Kh2 g5 20. Bg3 Nxg3 21. Kxg3 d5 22. f3 f5 23. b4 Bd6+ 24. Kf2 c5 25. a3 c4 26. Bc2 Bb7 27. Ne3 fxe4 28. fxe4 dxe4 29. Nxc4 Bf8 30. Kg1 Bg7 31. Nd2 Bxc3 32. Re2 e3 33. Nb3 Ba6 34. Ree1 Bxe1 35. Rxe1 Rbd8 36. Nc5 Bc4 37. Bb3 Bxb3 38. Nxb3 Rd3 0-1

[Event "Nancy Meurthe rapid 18th"]
[Site "Nancy"]
[Date "2020.02.16"]
[Round "3"]
[White "Gareyev, Timur"]
[Black "Micottis, Dorian"]
[Result "1-0"]
[WhiteElo "2607"]
[BlackElo "2229"]
[PlyCount "36"]
[EventDate "2020.02.16"]
[EventType "swiss (rapid)"]
[EventRounds "9"]
[EventCountry "FRA"]
[SourceTitle "CBM 194 Extra"]
[Source "ChessBase"]
[SourceDate "2020.03.31"]
[SourceVersion "1"]
[SourceVersionDate "2020.03.31"]
[SourceQuality "1"]

1. c4 g6 2. h4 Bg7 3. h5 c5 4. Nc3 Nc6 5. g3 d6 6. d3 b6 7. h6 Bxc3+ 8. bxc3 Bb7 9. Nf3 Qc7 10. e4 0-0-0 11. a4 Na5 12. Bh3+ Kb8 13. Ng5 Rf8 14. Rb1 e6 15. 0-0 Nf6 16. Bf4 e5 17. Be3 Qe7 18. f4 Nh5 1-0

[Event "Metz IM 07"]
[Site "Metz"]
[Date "2019.07.25"]
[Round "5"]
[White "Micottis, Dorian"]
[Black "Ravi, Teja Sanka"]
[Result "1/2-1/2"]
[WhiteElo "2226"]
[BlackElo "2410"]
[PlyCount "76"]
[EventDate "2019.07.22"]
[EventType "tourn"]
[EventRounds "9"]
[EventCountry "FRA"]
[EventCategory "4"]
[SourceTitle "CBM 191 Extra"]
[Source "ChessBase"]
[SourceDate "2019.09.30"]
[SourceVersion "1"]
[SourceVersionDate "2019.09.30"]
[SourceQuality "1"]

1. e4 c6 2. d4 d5 3. exd5 cxd5 4. Bd3 Nf6 5. c3 Nc6 6. Bf4 Bg4 7. Qb3 Qd7 8. h3 Bh5 9. Ne2 e6 10. 0-0 Bg6 11. Bxg6 hxg6 12. Nd2 Be7 13. Rfe1 Rc8 14. Nf3 Ne4 15. Nc1 0-0 16. Nd3 Bd6 17. Bxd6 Qxd6 18. Nfe5 Nxe5 19. Nxe5 Rc7 20. Qa4 Ra8 21. Rac1 Qb6 22. Re2 a5 23. Qd1 Nd6 24. a4 Nc4 25. Nxc4 Rxc4 26. b3 Rc7 27. Rb2 Rac8 28. Qd3 Rc4 29. Qd2 R4c6 30. Qd3 Qc7 31. Rbc2 Qd6 32. h4 Rb6 33. Rb1 Qa3 34. Rcb2 Qd6 35. g3 Rbc6 36. Rc2 Qc7 37. Rbc1 Qb6 38. Rb2 Qc7 1/2-1/2

[Event "Metz IM 07"]
[Site "Metz"]
[Date "2019.07.24"]
[Round "4"]
[White "Villegas, Pierre"]
[Black "Micottis, Dorian"]
[Result "1-0"]
[WhiteElo "2349"]
[BlackElo "2226"]
[PlyCount "103"]
[EventDate "2019.07.22"]
[EventType "tourn"]
[EventRounds "9"]
[EventCountry "FRA"]
[EventCategory "4"]
[SourceTitle "CBM 191 Extra"]
[Source "ChessBase"]
[SourceDate "2019.09.30"]
[SourceVersion "1"]
[SourceVersionDate "2019.09.30"]
[SourceQuality "1"]

1. d4 Nf6 2. c4 g6 3. Nc3 d5 4. cxd5 Nxd5 5. Bd2 Nb6 6. e3 Bg7 7. Nf3 0-0 8. Be2 c5 9. dxc5 N6d7 10. Na4 b6 11. cxb6 Nxb6 12. Bc3 Qxd1+ 13. Bxd1 Rd8 14. Bxg7 Kxg7 15. Rc1 Be6 16. Nxb6 axb6 17. a3 Na6 18. 0-0 Nc5 19. Nd4 Bd5 20. b4 Nd3 21. Rc3 Nb2 22. Be2 Rd7 23. Rc2 Na4 24. Rfc1 e5 25. Bb5 Rd6 26. Nf3 Be4 27. Rc7 Bxf3 28. gxf3 Nb2 29. R7c2 Nd3 30. Rd1 Nxb4 31. Rxd6 Nxc2 32. a4 Rb8 33. Rd7 Ne1 34. Be2 Ra8 35. Bd1 Rc8 36. Kf1 Nc2 37. Ke2 Na3 38. Bb3 Nc4 39. Kd3 Nb2+ 40. Ke4 Nxa4 41. Rxf7+ Kh6 42. Bxa4 Rc4+ 43. Kxe5 Rxa4 44. Rf4 Ra2 45. Kf6 g5 46. Rf5 Rxf2 47. e4 b5 48. e5 b4 49. e6 b3 50. e7 Re2 51. Kf7 b2 52. Rb5 1-0

[Event "Metz IM 07"]
[Site "Metz"]
[Date "2019.07.23"]
[Round "3"]
[White "Micottis, Dorian"]
[Black "Harutyunyan, Ruben"]
[Result "1/2-1/2"]
[WhiteElo "2226"]
[BlackElo "2326"]
[PlyCount "72"]
[EventDate "2019.07.22"]
[EventType "tourn"]
[EventRounds "9"]
[EventCountry "FRA"]
[EventCategory "4"]
[SourceTitle "CBM 191 Extra"]
[Source "ChessBase"]
[SourceDate "2019.09.30"]
[SourceVersion "1"]
[SourceVersionDate "2019.09.30"]
[SourceQuality "1"]

1. e4 c5 2. Nf3 Nf6 3. e5 Nd5 4. Nc3 Nxc3 5. dxc3 Nc6 6. Bf4 e6 7. Qd2 Qc7 8. 0-0-0 h6 9. h4 b6 10. Be2 Bb7 11. g4 g6 12. Rh3 0-0-0 13. Kb1 Bg7 14. Qe3 Ne7 15. c4 Nc6 16. h5 g5 17. Bh2 Bf8 18. Qd2 Bg7 19. Qe3 Rhg8 20. c3 Rh8 21. Bg3 d6 22. exd6 Qd7 23. Ne5 Nxe5 24. Bxe5 f6 25. Bh2 f5 26. Bf3 f4 27. Bxb7+ Kxb7 28. Qe4+ Kb8 29. Rhd3 Rhe8 30. f3 e5 31. Bg1 Re6 32. Rd5 Qc6 33. Qh7 Qd7 34. Qe4 Qc6 35. Qh7 Qd7 36. Qe4 Qc6 1/2-1/2

[Event "Nancy Meurthe rapid 17th"]
[Site "Nancy"]
[Date "2019.02.24"]
[Round "7"]
[White "Brunner, Nicolas"]
[Black "Micottis, Dorian"]
[Result "1/2-1/2"]
[WhiteElo "2427"]
[BlackElo "2248"]
[PlyCount "88"]
[EventDate "2019.02.24"]
[EventType "swiss (rapid)"]
[EventRounds "9"]
[EventCountry "FRA"]
[SourceTitle "CBM 189 Extra"]
[Source "ChessBase"]
[SourceDate "2019.06.03"]
[SourceVersion "1"]
[SourceVersionDate "2019.06.03"]
[SourceQuality "1"]

1. d4 Nf6 2. c4 g6 3. Nc3 d5 4. Bf4 Bg7 5. e3 0-0 6. cxd5 Nxd5 7. Nxd5 Qxd5 8. Bxc7 Na6 9. Bxa6 Qxg2 10. Qf3 Qxf3 11. Nxf3 bxa6 12. Rg1 f6 13. Rc1 Bb7 14. Ke2 Rac8 15. b3 Rf7 16. Bg3 Rxc1 17. Rxc1 e6 18. Nd2 Bf8 19. f3 Rd7 20. Ne4 Kf7 21. Nc5 Bxc5 22. Rxc5 g5 23. Bb8 h5 24. e4 g4 25. fxg4 hxg4 26. Ke3 Kg6 27. Rc7 Rxc7 28. Bxc7 f5 29. exf5+ Kxf5 30. Bb8 Be4 31. Bxa7 Bb1 32. a3 Bc2 33. b4 Ba4 34. Kd3 Bb5+ 35. Kc3 Ke4 36. Bb8 Kd5 37. Be5 Ba4 38. Kd3 Bd1 39. Kd2 Ba4 40. Ke3 Kc4 41. Kf4 Bd1 42. Kg5 Bf3 43. Kf6 Bd5 44. Kg5 Bf3 1/2-1/2

[Event "Lignano Sabbiadoro op 4th"]
[Site "Lignano Sabbiadoro"]
[Date "2018.08.04"]
[Round "8"]
[White "Micottis, Dorian"]
[Black "Nester, Ihor"]
[Result "1/2-1/2"]
[WhiteElo "2279"]
[BlackElo "2305"]
[PlyCount "69"]
[EventDate "2018.07.29"]
[EventType "swiss"]
[EventRounds "9"]
[EventCountry "ITA"]
[SourceTitle "CBM 185 Extra"]
[Source "ChessBase"]
[SourceDate "2018.07.29"]
[SourceVersion "1"]
[SourceVersionDate "2018.07.29"]
[SourceQuality "1"]

1. e4 e5 2. Nf3 Nc6 3. Bb5 a6 4. Ba4 Nf6 5. 0-0 Be7 6. d3 b5 7. Bb3 d6 8. a3 0-0 9. Nc3 Na5 10. Ba2 c5 11. b4 cxb4 12. axb4 Nc6 13. Nd5 Nxd5 14. Bxd5 Qc7 15. c3 Bb7 16. Qb3 Bf6 17. Bg5 Bxg5 18. Nxg5 h6 19. Nh3 Ne7 20. Bxb7 Qxb7 21. f4 exf4 22. Nxf4 a5 23. bxa5 Rxa5 24. Rxa5 Qb6+ 25. d4 Qxa5 26. Ne6 Rc8 27. Nxg7 d5 28. Nf5 Nxf5 29. Rxf5 Rxc3 30. Qxd5 Rc1+ 31. Rf1 Rxf1+ 32. Kxf1 Qa1+ 33. Kf2 Qb2+ 34. Kf3 b4 35. Qc5 1/2-1/2

[Event "Wch U20 56th"]
[Site "Tarvisio"]
[Date "2017.11.21"]
[Round "8"]
[White "Percivaldi, Martin"]
[Black "Micottis, Dorian"]
[Result "1/2-1/2"]
[WhiteElo "2388"]
[BlackElo "2273"]
[PlyCount "74"]
[EventDate "2017.11.13"]
[EventType "swiss"]
[EventRounds "11"]
[EventCountry "ITA"]
[SourceTitle "CBM 181 Extra"]
[Source "ChessBase"]
[SourceDate "2017.12.12"]
[SourceVersion "1"]
[SourceVersionDate "2017.12.12"]
[SourceQuality "1"]

1. c4 g6 2. e4 e5 3. d4 Nf6 4. dxe5 Nxe4 5. Bd3 Ng5 6. h4 Ne6 7. h5 Bg7 8. Nf3 Nc6 9. Qe2 d6 10. hxg6 hxg6 11. Rxh8+ Bxh8 12. exd6 Qxd6 13. Nc3 Bd7 14. Bg5 Ne5 15. 0-0-0 Nxf3 16. gxf3 Qe5 17. Be3 0-0-0 18. Be4 Qa5 19. Rd5 c5 20. Qd2 f5 21. Bc2 Bc6 22. Rxd8+ Qxd8 23. Nd5 Bxd5 24. cxd5 Nd4 25. Bb3 b6 26. Bxd4 Bxd4 27. Qe2 Qf6 28. Qe8+ Kc7 29. Qa8 Bxb2+ 30. Kb1 Ba1 31. Qxa7+ Kc8 32. Qa8+ Kc7 33. Qa7+ Kc8 34. Qa6+ Kb8 35. Qe2 Qe5 36. Qxe5+ Bxe5 37. Ba4 Bd4 1/2-1/2

[Event "Wch U20 56th"]
[Site "Tarvisio"]
[Date "2017.11.20"]
[Round "7"]
[White "Micottis, Dorian"]
[Black "Livaic, Leon"]
[Result "0-1"]
[WhiteElo "2273"]
[BlackElo "2470"]
[PlyCount "72"]
[EventDate "2017.11.13"]
[EventType "swiss"]
[EventRounds "11"]
[EventCountry "ITA"]
[SourceTitle "CBM 181 Extra"]
[Source "ChessBase"]
[SourceDate "2017.12.12"]
[SourceVersion "1"]
[SourceVersionDate "2017.12.12"]
[SourceQuality "1"]

1. e4 c5 2. Nf3 d6 3. d4 cxd4 4. Nxd4 Nf6 5. Nc3 a6 6. f4 Qc7 7. f5 e5 8. fxe6 fxe6 9. g4 d5 10. exd5 Bb4 11. Bd2 0-0 12. Nxe6 Bxe6 13. dxe6 Qc6 14. Rg1 Qxe6+ 15. Qe2 Qb6 16. Qc4+ Kh8 17. Rg2 Re8+ 18. Be2 Nc6 19. 0-0-0 Rac8 20. g5 Bxc3 21. Bxc3 Ne4 22. Bxg7+ Kxg7 23. Rd7+ Kh8 24. Rxh7+ Kxh7 25. Qf7+ Kh8 26. Qh5+ Kg7 27. Qh6+ Kf7 28. Qh7+ Kf8 29. Qf5+ Kg7 30. Qd7+ Re7 31. Qxc8 Qe3+ 32. Kb1 Nd2+ 33. Ka1 Nb3+ 34. axb3 Qc1+ 35. Ka2 Nb4+ 36. Ka3 Nxc2+ 0-1

[Event "Wch U20 56th"]
[Site "Tarvisio"]
[Date "2017.11.19"]
[Round "6"]
[White "Makhnev, Denis"]
[Black "Micottis, Dorian"]
[Result "0-1"]
[WhiteElo "2379"]
[BlackElo "2273"]
[PlyCount "96"]
[EventDate "2017.11.13"]
[EventType "swiss"]
[EventRounds "11"]
[EventCountry "ITA"]
[SourceTitle "CBM 181 Extra"]
[Source "ChessBase"]
[SourceDate "2017.12.12"]
[SourceVersion "1"]
[SourceVersionDate "2017.12.12"]
[SourceQuality "1"]

1. d4 Nf6 2. Nf3 g6 3. c4 Bg7 4. g3 0-0 5. Bg2 d5 6. cxd5 Nxd5 7. 0-0 Nb6 8. Nc3 Nc6 9. e3 Re8 10. b3 e5 11. dxe5 Nxe5 12. Nxe5 Bxe5 13. Bb2 Qxd1 14. Raxd1 c6 15. e4 f5 16. Rfe1 Bg7 17. Ba1 Be6 18. h3 a5 19. exf5 Bxf5 20. g4 Bc2 21. Rc1 Bd3 22. Bf3 Kf7 23. Kg2 Rxe1 24. Rxe1 Rd8 25. h4 Bc2 26. Bb2 Rd3 27. Re2 Bxc3 28. Rxc2 Bxb2 29. Rxb2 Nd5 30. Rc2 Nf4+ 31. Kg3 Ne6 32. Re2 Rxf3+ 33. Kxf3 Nd4+ 34. Ke3 Nxe2 35. Kxe2 Ke6 36. Ke3 Ke5 37. a3 h6 38. f4+ Kd5 39. Kd3 b6 40. h5 gxh5 41. gxh5 b5 42. Ke3 a4 43. bxa4 bxa4 44. Kd3 c5 45. Kc3 Ke4 46. Kc4 Kxf4 47. Kb5 c4 48. Kb4 c3 0-1

[Event "Wch U20 56th"]
[Site "Tarvisio"]
[Date "2017.11.13"]
[Round "1"]
[White "Micottis, Dorian"]
[Black "Lomasov, Semen"]
[Result "0-1"]
[WhiteElo "2273"]
[BlackElo "2490"]
[PlyCount "86"]
[EventDate "2017.11.13"]
[EventType "swiss"]
[EventRounds "11"]
[EventCountry "ITA"]
[SourceTitle "CBM 181 Extra"]
[Source "ChessBase"]
[SourceDate "2017.12.12"]
[SourceVersion "1"]
[SourceVersionDate "2017.12.12"]
[SourceQuality "1"]

1. e4 e6 2. d4 d5 3. Nc3 Nf6 4. Bg5 dxe4 5. Nxe4 Be7 6. Bxf6 gxf6 7. Nf3 f5 8. Nc3 a6 9. Qd2 b5 10. 0-0-0 Qd6 11. Kb1 Nd7 12. g3 Bb7 13. Bg2 Nb6 14. Rhg1 Nc4 15. Qc1 0-0-0 16. Ne2 Bf6 17. c3 c5 18. dxc5 Qxc5 19. Nfd4 Bxg2 20. Rxg2 Rd7 21. f4 Rhd8 22. Rgg1 Qd5 23. Ka1 Kb7 24. Rde1 Nd6 25. Nb3 Ne4 26. Qe3 Rc8 27. Kb1 Bd8 28. Rd1 Qxd1+ 29. Rxd1 Rxd1+ 30. Kc2 Rd5 31. Nbd4 b4 32. Kb1 Bb6 33. Qd3 bxc3 34. bxc3 Bxd4 35. cxd4 Rb5+ 36. Ka1 h5 37. a3 Kb6 38. Ka2 a5 39. d5 Rxd5 40. Qe3+ Ka6 41. Nd4 Rc4 42. Nb3 a4 43. Na1 Nc3+ 0-1

[Event "FRA-ch Accession"]
[Site "Agen"]
[Date "2017.08.27"]
[Round "9"]
[White "Philippe, Guillaume"]
[Black "Micottis, Dorian"]
[Result "1-0"]
[WhiteElo "2364"]
[BlackElo "2271"]
[PlyCount "83"]
[EventDate "2017.08.19"]
[EventType "swiss"]
[EventRounds "9"]
[EventCountry "FRA"]
[SourceTitle "EXT 2019"]
[Source "ChessBase"]
[SourceDate "2018.10.10"]
[SourceVersion "1"]
[SourceVersionDate "2018.10.10"]
[SourceQuality "1"]

1. e4 c5 2. a3 e6 3. Nf3 Nc6 4. Bb5 Nge7 5. Nc3 a6 6. Ba4 g6 7. d4 cxd4 8. Nxd4 Bg7 9. Be3 0-0 10. 0-0 Na5 11. Bb3 Nxb3 12. Nxb3 d5 13. exd5 Bxc3 14. bxc3 Qxd5 15. Qe2 Nf5 16. Bc5 Re8 17. c4 Qd8 18. Rad1 Qc7 19. g4 b6 20. Bb4 Nh4 21. f3 Bb7 22. Be1 Qe7 23. Rd3 Rad8 24. Re3 h5 25. f4 hxg4 26. Qxg4 Nf5 27. Rh3 Ba8 28. Bc3 f6 29. Qxg6+ Qg7 30. Rh8+ Kxh8 31. Bxf6 Rg8 32. Kf2 Qxf6 33. Qxf6+ Kh7 34. Rg1 Rxg1 35. Kxg1 Rg8+ 36. Kf1 Rg6 37. Qf7+ Ng7 38. Nd4 Bg2+ 39. Kf2 Be4 40. Ke3 Bf5 41. Nf3 Kh6 42. Qf8 1-0

[Event "FRA-ch Accession"]
[Site "Agen"]
[Date "2017.08.26"]
[Round "8"]
[White "Micottis, Dorian"]
[Black "Sanchez, Louis"]
[Result "1/2-1/2"]
[WhiteElo "2271"]
[BlackElo "2240"]
[PlyCount "127"]
[EventDate "2017.08.19"]
[EventType "swiss"]
[EventRounds "9"]
[EventCountry "FRA"]
[SourceTitle "EXT 2019"]
[Source "ChessBase"]
[SourceDate "2018.10.10"]
[SourceVersion "1"]
[SourceVersionDate "2018.10.10"]
[SourceQuality "1"]

1. e4 e5 2. Nf3 Nf6 3. Nc3 Nc6 4. Be2 d5 5. exd5 Nxd5 6. 0-0 Nxc3 7. bxc3 e4 8. Ne1 Bd6 9. f3 Bf5 10. fxe4 Bxe4 11. Nf3 0-0 12. d4 h6 13. Bd3 f5 14. Bb2 Qe7 15. c4 Ba3 16. Qc1 Bxb2 17. Qxb2 b6 18. Rae1 Rae8 19. Nd2 Qd6 20. Bxe4 fxe4 21. c3 Rxf1+ 22. Nxf1 Na5 23. Ne3 Qe6 24. Qe2 Rf8 25. Rf1 Rxf1+ 26. Qxf1 Qc6 27. Nd5 Qd7 28. Qf4 c6 29. Ne3 Qe7 30. h3 Kh7 31. d5 cxd5 32. cxd5 Nb7 33. Kh1 Nd6 34. Nc2 Qf6 35. Qxf6 gxf6 36. g4 Kg6 37. Nd4 h5 38. Kg2 hxg4 39. hxg4 f5 40. Kg3 fxg4 41. Kxg4 Nc4 42. Kf4 e3 43. Ke4 a6 44. Kd3 b5 45. a4 Nb2+ 46. Kxe3 Nxa4 47. Ne2 Kf6 48. Kd4 Ke7 49. Ng3 Nb6 50. Ne4 Nd7 51. Ng3 a5 52. Nf5+ Kd8 53. Nd6 b4 54. c4 Kc7 55. c5 a4 56. Nb5+ Kd8 57. Kc4 b3 58. Na3 Nf6 59. d6 Kd7 60. Kb4 Ne4 61. Nc4 Nxd6 62. cxd6 b2 63. Nxb2 Kxd6 64. Nxa4 1/2-1/2

[Event "FRA-ch Accession"]
[Site "Agen"]
[Date "2017.08.19"]
[Round "5"]
[White "Lamard, Guillaume"]
[Black "Micottis, Dorian"]
[Result "1/2-1/2"]
[WhiteElo "2347"]
[BlackElo "2271"]
[PlyCount "93"]
[EventDate "2017.08.19"]
[EventType "swiss"]
[EventRounds "9"]
[EventCountry "FRA"]
[SourceTitle "EXT 2019"]
[Source "ChessBase"]
[SourceDate "2018.10.10"]
[SourceVersion "1"]
[SourceVersionDate "2018.10.10"]
[SourceQuality "1"]

1. d4 Nf6 2. c4 g6 3. Nc3 d5 4. Bg5 Bg7 5. e3 c5 6. Nf3 cxd4 7. Nxd4 dxc4 8. Bxc4 0-0 9. 0-0 Bd7 10. Qe2 Nc6 11. Nxc6 Bxc6 12. e4 Qa5 13. Bd2 Qh5 14. f3 e6 15. Be3 Rfd8 16. Rfd1 Nd7 17. Qf2 Qa5 18. Rac1 Nb6 19. Bf1 Rxd1 20. Rxd1 Na4 21. Nxa4 Qxa4 22. b3 Qa5 23. a4 h5 24. Bc4 a6 25. Bb6 Qc3 26. Qd2 Qxd2 27. Rxd2 Kf8 28. Kf2 Ke8 29. Ra2 Bf6 30. Ke3 Rc8 31. f4 Bd8 32. Bd4 Ba5 33. f5 exf5 34. exf5 gxf5 35. Rf2 Bd7 36. Bd5 Bc7 37. g3 b5 38. Bb7 Rb8 39. Bxa6 bxa4 40. bxa4 Rb4 41. Rc2 f4+ 42. gxf4 Bxf4+ 43. Kxf4 Rxd4+ 44. Kg5 Rxa4 45. Be2 h4 46. Rc4 Rxc4 47. Bxc4 1/2-1/2